O čistiarni vôd s odborníkmi z USA

Bibliographic Details
Format: Article
Language:Slovak
Subjects:
Source: 1. Slovenská republika 1. Roč. 5, č. 276(1997), dát. 1201, s. 2
LEADER 00789nab#a2200265#ar4500
001 000017413
003 SVKKK
005 00000000000000.0
008 c xo e sloo
FMT
038 |a SVKKK 
040 |a SVKKK  |b slo  |e AACR2 
041 0 |a slo 
044 |a xo  |c SK 
080 |a 061.  |2 1981 
245 0 0 |a O čistiarni vôd s odborníkmi z USA 
650 0 4 |a Skúsenosti s biologickými čistiarňami odpadových vôd v USA a perspektívy ich využitia na slovenskom vidieku (seminár pracovný), Krivany (SB)  |x 4.12.1997  |x organizátori  |x ciele  |x informácie 
773 0 |t Slovenská republika  |g Roč. 5, č. 276(1997), dát. 1201, s. 2 
957 |a Krivany 
958 |a SB 
974 |d 980520  |a Šá 
992 |a RBX 
BAS
852 |a SVKKK  |b BIB 
998 |a REG